02250nam a2200325uu 4500001000800000005001700008007001000025008004100035035001200076040001300088041000800101080000600109082000800115100005200123245013800175260003900313300001300352520097500365650005801340650004401398650003701442700005201479700004301531942001001574999001901584502001001603526000701613952013601620952016801756142334020260508090410.0co|||||||151005s2015 spa  a1423340 ccomduadb aspa aH 4a33610aCano Villegas, Carlos Alberto4auteaut973159110aEstructura tributaria determinante para el crecimiento, desarrollo y competitividad de las Mipymes en Colombia, durante el año 2015 aMedellín :bAutores (as),c2015. a1 CD-ROM3 aRESUMEN: En la actualidad, el Estado está buscando establecer las estrategias pertinentes para fortalecer el mercado interno, bajo este escenario, es imperioso que la creación de empresas se consolide como una constante y que, más allá de ello, se puedan mantener en el mercado siendo productivas. El que una empresa pueda mantenerse y tener ganancias, depende no sólo de las circunstancias que el Estado pueda o no crear, sino del manejo interno de la empresa. Los recursos, la toma de decisiones, la capacidad de emprendimiento e innovación, aunadas a una política económica y tributaria adecuada, pueden hacer la diferencia para las MiPyMEs. En este trabajo se pretende definir si Estado, estructura y legislación tributaria y administración eficiente, son factores determinantes para el crecimiento, desarrollo y competitividad de las Pymes en Colombia, durante el año 2015, para ello se recurrirá a una teorización desde distintos textos.  7aPequeña y mediana empresazColombia2armarc9129128 aPolítica tributaria - Colombia995484 aCompetitividad empresarial9272610aArcila Arango, Edwin Fernando4auteaut974500910aCano Garcia, Rosalba4thseths9508723 cTESIS c730136d730136 b66c9 a66 001040708DIGITALaCIEbCIEd2015-10-05iC1234138l0oH/00242 CD-ROMp61000004555491r2023-05-03 00:00:00t1w2023-05-03yDIGITAL 001040708TESDIGBCaBCbBCd2015-11-09eMaterial adquirido por donacióniC1235803l0o336.2 C227e CD-R0Mp01009115r2023-05-03 00:00:00t2w2023-05-03yDIGITAL